| 000 | 00818cam4a220020500 4500 | ||
|---|---|---|---|
| 001 | tmp15399182 | ||
| 003 | UPRA | ||
| 005 | 20190830130509.0 | ||
| 008 | 950804s1968 onc eng u | ||
| 035 | _a(Sirsi) r30835 | ||
| 035 | _a(UPRA)tmp15399182 | ||
| 040 | _cUPRA | ||
| 245 | 0 | 4 |
_aThe formative years : _bCanada, 1812-1871 / _cillus. by C.W. Jefferys ; (ed. by James Knight). |
| 260 |
_aToronto : _bRyerson Press, _c[1968] |
||
| 651 | 0 |
_aCanada -- History -- Pictorial works. _xCanada -- History -- Pictorial works. _xCanada -- History -- Pictorial works. _6S62266.1 |
|
| 651 | 0 |
_aCanada -- History -- 19th century. _xCanada -- History -- 19th century. _yCanada -- History -- 19th century. _6S68528.1 |
|
| 700 | 1 |
_aKnight, James. _6A95200.1 |
|
| 949 |
_aF1031.5 _wlcc _i-34738 _mMAIN _tBOOK _lON-SHELF |
||
| 004 | 30835 | ||
| 999 |
_c203109 _d203109 |
||